Analisis del sistema de proteccion contra incendios del sector central de San Jose
Shranjeno v:
| Glavni avtor: | |
|---|---|
| Format: | Knjiga |
| Izdano: |
San José, C.R.
1997
|
| Teme: | |
| Oznake: |
Označite
Brez oznak, prvi označite!
|
MARC
| LEADER | 00000nam a2200000Ia 4500 | ||
|---|---|---|---|
| 003 | 008220 | ||
| 005 | 20221231144230.0 | ||
| 008 | 140114s1997 cr a m 000 ||s d | ||
| 040 | |c cru CEDI | ||
| 090 | |a TFG 3673 | ||
| 100 | |a Quiros Alpizar, Didier Gerardo |9 9408 | ||
| 245 | |a Analisis del sistema de proteccion contra incendios del sector central de San Jose | ||
| 260 | |c 1997 |a San José, C.R. | ||
| 300 | |a [190] hojas : ilustraciones (algunas plegables) | ||
| 500 | |a Proyecto de graduación (licenciatura en ingeniería civil)--Universidad de Costa Rica. Facultad de Ingeniería. Escuela de Ingeniería Civil | ||
| 650 | |x INCENDIOS - PREVENCION - COSTA RICA |x HIDRANTES |9 9409 | ||
| 942 | |c TFG | ||
| 999 | |c 18801 |d 18801 | ||
